<?xml version="1.0" encoding="UTF-8"?>
<record
    xmlns:xsi="http://www.w3.org/2001/XMLSchema-instance"
    xsi:schemaLocation="http://www.loc.gov/MARC21/slim http://www.loc.gov/standards/marcxml/schema/MARC21slim.xsd"
    xmlns="http://www.loc.gov/MARC21/slim">

  <leader>00574nam a22001697a 4500</leader>
  <controlfield tag="003">OSt</controlfield>
  <controlfield tag="005">20130516194404.0</controlfield>
  <controlfield tag="008">130516s1998    sp ||||| |||| 00| 0 spa d</controlfield>
  <datafield tag="040" ind1=" " ind2=" ">
    <subfield code="c">CDMR</subfield>
  </datafield>
  <datafield tag="111" ind1="2" ind2=" ">
    <subfield code="9">3444</subfield>
    <subfield code="a">Convenci&#xF3;n de Periodistas de Espa&#xF1;a</subfield>
    <subfield code="c">C&#xE0;dis</subfield>
    <subfield code="d">1998</subfield>
    <subfield code="n">1a</subfield>
  </datafield>
  <datafield tag="245" ind1="1" ind2="0">
    <subfield code="a">[I Convenci&#xF3;n de Periodistas de Espa&#xF1;a</subfield>
    <subfield code="b">: ponencias, comunicaciones, documentaci&#xF3;n]</subfield>
  </datafield>
  <datafield tag="260" ind1=" " ind2=" ">
    <subfield code="a">[s.l.</subfield>
    <subfield code="b">Foro de Organizaciones de Periodistas</subfield>
    <subfield code="c">s.d.]</subfield>
  </datafield>
  <datafield tag="300" ind1=" " ind2=" ">
    <subfield code="a">157 p.</subfield>
  </datafield>
  <datafield tag="650" ind1="0" ind2="4">
    <subfield code="9">3445</subfield>
    <subfield code="a">Periodisme</subfield>
    <subfield code="x">Congressos</subfield>
  </datafield>
  <datafield tag="710" ind1="2" ind2=" ">
    <subfield code="9">1199</subfield>
    <subfield code="a">Foro de Organizaciones de Periodistas</subfield>
  </datafield>
  <datafield tag="942" ind1=" " ind2=" ">
    <subfield code="2">udc</subfield>
    <subfield code="c">MON</subfield>
  </datafield>
  <datafield tag="999" ind1=" " ind2=" ">
    <subfield code="c">6274</subfield>
    <subfield code="d">6274</subfield>
  </datafield>
  <datafield tag="952" ind1=" " ind2=" ">
    <subfield code="0">0</subfield>
    <subfield code="1">0</subfield>
    <subfield code="4">0</subfield>
    <subfield code="7">0</subfield>
    <subfield code="a">CDMR</subfield>
    <subfield code="b">CDMR</subfield>
    <subfield code="d">2013-01-16</subfield>
    <subfield code="l">0</subfield>
    <subfield code="o">Bc</subfield>
    <subfield code="p">CDMR13056449</subfield>
    <subfield code="r">2013-05-16</subfield>
    <subfield code="w">2013-05-16</subfield>
    <subfield code="y">MON</subfield>
  </datafield>
</record>
